| 000 | 00627nam a2200229Ia 4500 | ||
|---|---|---|---|
| 003 | OSt | ||
| 005 | 20220918202108.0 | ||
| 006 | a|||||r|||| 00| 0 | ||
| 007 | ta | ||
| 008 | 220917b |||||||| |||| 00| 0 eng d | ||
| 024 | _a98,744 | ||
| 037 | _cTextual | ||
| 040 |
_aARTS _cARTS _beng |
||
| 041 |
_2eng _aeng |
||
| 082 | _aV2:25wM89z70aV6, K4-;1 (906) | ||
| 245 | 0 |
_aNeru and Africa _b exctracts from Jawaharlal Nehru's speeches on Africa 1946-1963 |
|
| 250 | _a2nd | ||
| 260 | _c1964 | ||
| 650 | _aHISTORY | ||
| 942 |
_hV2:25wM89z70aV6, K4-;1 (906) _cTEXL _2CC |
||
| 999 |
_c222330 _d222330 |
||